000 00707nam a2200193 4500
010 _aA-991942
020 _a8176291277
_c950.00
035 _aA-991942
037 _aCen Lib/Ret
040 _aDPL
_bEN
082 _a356.540663
_bNAI
245 _aThe law of cooperative societies in India :
_b central and states' cooperative legislation /
_cby Rishpal Nainta
260 _aNew Delhi
_bDeep & Deep Publication Pvt. Ltd
_c1999
270 _aF-159, Rajouri Garden,
_bNew Delhi
_e110027
300 _a1285p.
_b25cm.
650 _aCooperative societies -- Law and legislation -- India.
650 _aCooperative societies -- Law and legislation.
942 _2ddc
_cEN
_h356.540663
_mNAI
999 _c136434
_d136434